Fr. Conceicao Rodrigues College of Engineering

Electronics Design With Integrated Circuits (Record no. 19975)

MARC details
000 -LEADER
fixed length control field 00373nam a2200145Ia 4500
100 ## - MAIN ENTRY--PERSONAL NAME
Personal name Comer/D.J.
245 ## - TITLE STATEMENT
Title Electronics Design With Integrated Circuits
260 ## - PUBLICATION, DISTRIBUTION, ETC.
Name of publisher, distributor, etc. Addison-Wesly Pub.
Place of publication, distribution, etc. Reading
Date of publication, distribution, etc. 1981
300 ## - PHYSICAL DESCRIPTION
Extent 353
546 ## - LANGUAGE NOTE
Language note ENGLISH
650 ## - SUBJECT ADDED ENTRY--TOPICAL TERM
Topical term or geographic name entry element Electrical Engineering
654 ## - SUBJECT ADDED ENTRY--FACETED TOPICAL TERMS
Focus term Electronics Design With Integrated Circuits
942 ## - ADDED ENTRY ELEMENTS (KOHA)
Koha item type BOOK
Holdings
Withdrawn status Lost status Damaged status Not for loan Collection Home library Current library Shelving location Date acquired Total Checkouts Full call number Barcode Date last seen Price effective from Koha item type
        AFT Fr. Agnel's C.Rodrigues College of Engineering Fr. Agnel's C.Rodrigues College of Engineering   17/03/2023   AFT6920 17/03/2023 17/03/2023 BOOK